Hacia una Cultura de los Derechos Humanos

Detalles Bibliográficos
Autor principal: Ortega Arratia, Alejandro
Formato: eBook
Lenguaje:español
Publicado: Ciudad de Mx̌ico: Cm̀ara de Diputados, 2010
Materias:
Acceso en línea:Acceso restringido

MARC

LEADER 00000nam a22000007a 4500
005 20170914123341.0
007 cr|||| ||||
008 170914s2010 mx |||||s||||f00||0 spa d
035 |a 20532 
040 |a vLex 
090 |c 6966  |d 6966 
100 1 |a Ortega Arratia, Alejandro 
245 1 0 |a Hacia una Cultura de los Derechos Humanos  |h [Recurso electrn̤ico] /  |c Alejandro Ortega Arratia 
256 |a Servicio en ln̕ea 
260 |a Ciudad de Mx̌ico:  |b Cm̀ara de Diputados,  |c 2010 
300 |a 1 recurso electrn̤ico (80 p.) 
506 1 |a Disponible solo en los productos indicados  |d vLex Global  |d vLex Global (Academic Edition, excluding Law Schools)  |d vLex Global (U.S. Academic Edition, Law Schools)  |d vLex Global (U.S. Academic Edition, excluding Law Schools)  |d vLex Global (Academic Edition, Law Schools) 
650 0 4 |a Derecho Internacional  |z Mx̌ico 
740 0 |a vLex Libros (Servicio en ln̕ea) 
856 4 0 |u http://vlex.com/source/cultura-derechos-humanos-20532  |z Acceso restringido 
942 |c BOOK 
999 0 |a International right